Can You Name All The Characteristics Of Darryl From Brawl Stars? - Statistics

General Stats
  • This quiz has been taken 5 times
  • The average score is 3 of 15
Answer Stats
Hint Answer % Correct
Rarity Super Rare
100%
Title Pirrrate
67%
Class Tank
67%
Prestige Title Captain
33%
Buffies No
33%
Star Power Steel Hoops
33%
Hypercharge Barrel O' Bullets
0%
Super Barrel Roll
0%
Attack Double Deuce
0%
Voice Actor Martin Schjoler
0%
Trait Over Time
0%
Trio Pirates
0%
Gadgets Recoiling Rotator
0%
Star Power Rolling Reload
0%
Gadgets Tar Barrel
0%
No matching quizzes found
Score Distribution
Percent of People with Each Score
Percentile by Number Answered
Your Score History
You have not taken this quiz